000 00750nam a22002057a 4500
005 20100726160314.0
010 _aENG-96860
020 _a9788125031604
_c325.00
035 _aEN-80393
037 _bDBAD/PUB
082 _a351.54
100 _aChakrabarty, Bidyut
_91513
245 _aReinventing public administration:
_bthe Indian experience /
_cby Bidyut Chakrabarty
260 _aHyderabad
_bOrient Longman
_c2007
270 _a3-6-752 Himayatnagar, Hyderabad-500029
_bHyderabad
300 _aviii, 368p.
_c22cm (pbk)
500 _aIncludes index
942 _2ddc
_cEN
_h351.54
_mCHA
999 _c37793
_d37793